| 000 | 00589nam a22001937a 4500 | ||
|---|---|---|---|
| 005 | 20251108171041.0 | ||
| 008 | 250721s1982 xx 000 0 ara d | ||
| 082 | 1 | 4 | _a414.2/جرج |
| 100 | 1 |
_aالجرجاني، عبد القاهر _eمؤلف |
|
| 245 | 1 | 0 | _aأسرار البلاغة في علم البيان / |
| 264 | 1 |
_aبيروت : _bدار المعرفة، _c1982. |
|
| 300 | _a368ص. | ||
| 650 | 1 | 7 | _aاللغة العربية |
| 650 | 1 | 7 | _aالبلاغة |
| 650 | 1 | 7 | _aالبيان |
| 700 | 1 |
_aرضا، محمد رشيد _eتحقيق |
|
| 942 |
_2ddc _cBK |
||
| 999 |
_c55315 _d55315 |
||